| 000 | 00813cab a2200253 4500 | ||
|---|---|---|---|
| 001 | ABS56922 | ||
| 008 | 090401t1997 xxu||||| |||| 00| 0 eng d | ||
| 035 | _a(Sirsi) u77974 | ||
| 041 | _aeng | ||
| 100 | _aWhitehead, I.R.G. | ||
| 245 | _aCounty farms: past and present performance and future prospects | ||
| 260 | _c1997 | ||
| 350 | _a0 | ||
| 490 |
_aFarm Management _v9(9) Spring 1997, 427-439(12) |
||
| 520 | _aDiscusses the changing role of county farms following the introduction of farm business tenancies under the Agricultural Tenancies Act 1995. Statistics. | ||
| 650 | _aAGRICULTURAL TENANCIES ACT 1995 | ||
| 650 | _aCOUNTY FARMS | ||
| 650 | _aFARM BUSINESS TENANCIES | ||
| 650 | _aFORECASTS | ||
| 690 | _aRURAL PRACTICE | ||
| 700 | _aWarren, M,F. | ||
| 942 | _n0 | ||
| 948 | _c25/04/1997 | ||
| 999 |
_c49044 _d49044 |
||